Books Missing 'K' Words Quiz Stats

 Plays Quiz Updated Nov 14, 2019

Score 0/18 Timer 03:00
399 Plays Today
Hint Answer % Correct
King
96.9%
Kid
95.6%
Kite
93.9%
Kampf
86.1%
Kwai
86.1%
Knife
83.8%
Kane
82.5%
Karenina
82.2%
Kevin
75.4%
Hint Answer % Correct
Kiss
72.7%
Kind
71.3%
Kon
66.4%
Key
62.7%
Karamazov
58.4%
Kapital
51.3%
Know
44%
Knight
43.8%
Killer
35.2%

You're not logged in!

Compare scores with friends on all Sporcle quizzes.
OR
Log In

Sporcle TV

Today on Sporcle TV


Watch our educational content, quiz creation guides, and fun videos on Sporcle TV.

Show Comments

Extras

Top Quizzes Today


Score Distribution

Your Account Isn't Verified!

In order to create a playlist on Sporcle, you need to verify the email address you used during registration. Go to your Sporcle Settings to finish the process.

Report this User

Report this user for behavior that violates our Community Guidelines.

Details: